000 00337nam a2200133Ia 4500
008 240624s9999 xx 000 0 und d
041 _aeng
082 _a657.45 HAR
100 _aHART NORMAN
245 _aPUBLIC RELATIONS AUDIT
260 _aUK
_bCambridge Strategy Publications Ltd
300 _a121 : p. : cm. ; 29
365 _cRS
_b50
999 _c28492
_d28492